Convective motions in a free atmosphere (Record no. 30850)

MARC details
000 -LEADER
fixed length control field 00898nam a22002171 4500
001 - CONTROL NUMBER
control field he 65000031
003 - CONTROL NUMBER IDENTIFIER
control field DLC
005 - DATE AND TIME OF LATEST TRANSACTION
control field 20260227111427.0
008 - FIXED-LENGTH DATA ELEMENTS--GENERAL INFORMATION
fixed length control field 851122s1964 is a b 00010 eng
010 ## - LIBRARY OF CONGRESS CONTROL NUMBER
LC control number he 65000031 //r85
040 ## - CATALOGING SOURCE
Original cataloging agency DLC/ICU
Transcribing agency ICU
041 1# - LANGUAGE CODE
Language code of text/sound track or separate title engrus
050 0# - LIBRARY OF CONGRESS CALL NUMBER
Classification number QC880
Item number .V8813
100 10 - MAIN ENTRY--PERSONAL NAME
Personal name Vulʹfson, N. I.
240 10 - UNIFORM TITLE
Uniform title Issledovanie konvektivnykh dvizheniĭ v svobodnoĭ atmosfere.
Language of a work English
245 10 - TITLE STATEMENT
Title Convective motions in a free atmosphere
Statement of responsibility, etc. [by] N.L. [i.e. I.] Vulʹfson. (Issledovanie konvektivnykh dvizheniĭ v svobodnoĭ atmosfere) [Translated and edited by IPST staff].
260 0# - PUBLICATION, DISTRIBUTION, ETC.
Place of publication, distribution, etc. Jerusalem,
Name of publisher, distributor, etc. Israel Program for Scientific Translations;
-- [available from the Office of Technical Services, U.S. Dept. of Commerce, Washington]
Date of publication, distribution, etc. 1964.
300 ## - PHYSICAL DESCRIPTION
Extent viii, 188 p.
Other physical details illus.
Dimensions 24 cm.
504 ## - BIBLIOGRAPHY, ETC. NOTE
Bibliography, etc. note Bibliography: p. 182-188.
650 #0 - SUBJECT ADDED ENTRY--TOPICAL TERM
Topical term or geographic name entry element Convection (Meteorology)

No items available.

Powered by Koha